000 00984nam a2200313 i 4500
003 EG-GICUC
005 20260425111500.0
008 260425s1937 fr ||||fr|||| 000 0 fre d
040 _aEG-GiCUC
_bfre
_cEG-GiCUC
_dEG-GiCUC
_eRda
082 0 4 _221
_a341.33
_bSF . S
092 0 4 _221
099 _aLaw1 11 341.33 SF . S 1937
100 1 _aSforza, Comte
_eAuteur
245 1 0 _aSynthèse De L'europe :
_bApparences Diplomatiques Et Réalités Psychologiques /
_cComte Sforza.
_n
250 _aOnzième Édition
264 1 _aParis :
_bGallimard,
_c1937.
300 _a252page :
_billustration ;
_c 24 cm.
336 _2rda contenu
_a texte
337 _2rda medias
_aOrdinateur
338 _2 transporteur rda
_a Ressource en ligne
504 _a
546 _aTexte en français
650 1 4 _aDroit international public
_2
651 1 _2
700 1 _a
856 4 0 _uhttps://fll.law.cu.edu.eg/fulltext/bks/B11-06910.pdf
905 _a50
942 _2ddc
_cBK
_e21
_n0
999 _c73319
_d73319